|
|
|
|
| LEADER |
01098cam a2200277 7i4500 |
| 001 |
0000034590 |
| 005 |
20230626090000.0 |
| 020 |
|
|
|a 9780495110811 (hbk.)
|
| 020 |
|
|
|a 0495110817 (hbk.)
|
| 040 |
|
|
|a DLC
|
| 090 |
0 |
0 |
|a QA276
|b .W33 2008
|
| 100 |
1 |
|
|a Wackerly, Dennis D
|
| 245 |
1 |
0 |
|a Mathematical statistics with applications
|c Dennis D. Wackerly, William Mendenhall III, Richard L. Scheaffer.
|
| 250 |
|
|
|a 7th ed.
|
| 260 |
|
|
|a Belmont, CA:
|b Thomson Brooks/Cole,
|c 2008.
|
| 300 |
|
|
|a xxii, 912 p.:
|b ill.;
|c 25 cm.
|
| 650 |
0 |
0 |
|a Mathematical statistics
|
| 700 |
1 |
|
|a Scheaffer, Richard L
|
| 700 |
1 |
|
|a Mendenhall, William
|
| 997 |
|
|
|a Communication, Visual Art & Computing, Faculty
|b Computing, Department
|
| 998 |
|
|
|a Mathematics with Statistics, Degree
|
| 999 |
|
|
|a 0000044678
|b BOK
|c OPEN SHELF
|e 1st Floor, Bestari Jaya
|
| 999 |
|
|
|a 0000044679
|b BOK
|c OPEN SHELF
|e 1st Floor, Bestari Jaya
|
| 999 |
|
|
|a 0000045925
|b BOK
|c OPEN SHELF
|e 1st Floor, Bestari Jaya
|
| 999 |
|
|
|a 0000045926
|b BOK
|c OPEN SHELF
|e 1st Floor, Bestari Jaya
|
| 999 |
|
|
|a 0000045927
|b BOK
|c OPEN SHELF
|e 1st Floor, Bestari Jaya
|